Southville International School and Colleges
Your cart is empty.
  • Cart
  • Lists
    Public lists Eva Luna New books Lux_list list_1
    Your lists Log in to create your own lists
  • Log in to your account
  • Your cookies
  • Search history
Southville International School and Colleges
  • Advanced search
  • Recent comments
  • Most popular
  • Libraries

Log in to your account

Log in with GOOGLE


If you do not have an external account, but do have a local account, you can still log in:

  1. Home
  2. MARC view: Shopping tourism, retailing, and leisure /
Normal view MARC view ISBD view

Shopping tourism, retailing, and leisure / (Record no. 39510)

[ view plain ]
MARC details
000 -LEADER
fixed length control field 00536nam a2200193 a 4500
005 - DATE AND TIME OF LATEST TRANSACTION
control field 20140311163024.0
008 - FIXED-LENGTH DATA ELEMENTS--GENERAL INFORMATION
fixed length control field 080110s19uu xx 00 eng d
020 ## - INTERNATIONAL STANDARD BOOK NUMBER
International Standard Book Number 1873150601
050 ## - LIBRARY OF CONGRESS CALL NUMBER
Classification number G 155.A1
Item number .T56 2005
100 ## - MAIN ENTRY--PERSONAL NAME
Personal name Timothy, Dallen J.
245 ## - TITLE STATEMENT
Title Shopping tourism, retailing, and leisure /
Statement of responsibility, etc Dallen J. Timothy.
260 ## - PUBLICATION, DISTRIBUTION, ETC. (IMPRINT)
Place of publication, distribution, etc Clevedon :
Name of publisher, distributor, etc Channel View Publications,
Date of publication, distribution, etc 2005.
300 ## - PHYSICAL DESCRIPTION
Extent 222 p. :
Dimensions 21 cm.
521 ## - TARGET AUDIENCE NOTE
Target audience note
650 ## - SUBJECT ADDED ENTRY--TOPICAL TERM
Topical term or geographic name as entry element Tourism.
650 ## - SUBJECT ADDED ENTRY--TOPICAL TERM
Topical term or geographic name as entry element Retail trade.
942 ## - ADDED ENTRY ELEMENTS (KOHA)
Koha item type Books
Source of classification or shelving scheme Library of Congress Classification
Call number prefix Foreign
Holdings
Withdrawn status Lost status Source of classification or shelving scheme Damaged status Home library Current library Shelving location Date acquired Total Checkouts Total Renewals Full call number Barcode Date last seen Date checked out Copy number Price effective from Koha item type
    Library of Congress Classification   College Library College Library General Circulation Section 07/28/2010 1 1 G 155.A1 .T56 2005 C9008 02/22/2019 01/10/2019 1 02/19/2014 Books

Shopping tourism, retailing, and leisure /

APA

Timothy D. J., . (2005). Shopping tourism, retailing, and leisure. Clevedon: Channel View Publications.

Chicago

Timothy Dallen J, . 2005. Shopping tourism, retailing, and leisure. Clevedon: Channel View Publications.

Harvard

Timothy D. J., . (2005). Shopping tourism, retailing, and leisure. Clevedon: Channel View Publications.

MLA

Timothy Dallen J, . Shopping tourism, retailing, and leisure. Clevedon: Channel View Publications. 2005.

  • Place hold
  • Print
  • Cite
  • Add to your cart (remove)
  • Save record
    BIBTEX Dublin Core MARCXML MARC (non-Unicode/MARC-8) MARC (Unicode/UTF-8) MARC (Unicode/UTF-8, Standard) MODS (XML) RIS
  • More searches
    Search for this title in:
    Other Libraries (WorldCat) Other Databases (Google Scholar) Online Stores (Bookfinder.com) Open Library (openlibrary.org)

Exporting to Dublin Core...

SOUTHVILLE LIBRARY

Southville International School and Colleges Library

1281 Tropical Ave. Cor. Luxembourg St., BF Homes International, Las Pinas City

Tel. No. 8256374 / 252358 Loc. 117/146

Powered by Koha